| 000 | 00534nam a22001697a 4500 | ||
|---|---|---|---|
| 999 |
_c13417 _d13417 |
||
| 003 | AR-CdUCM | ||
| 008 | 190415b ||||| |||| 00| 0 spa d | ||
| 040 |
_aMUNICIPALIDAD PROVINCIAL DEL CUSCO _cBIBLIOTECA MUNICIPAL DEL CUSCO |
||
| 082 |
_a869.56 / _bF66 |
||
| 100 |
_aFlorián, Mario _914609 |
||
| 245 | _aDiscurso de Las Flores / | ||
| 260 |
_aLima : _c1968. _bEdiciones de la Biblioteca Universitaria ; |
||
| 300 |
_a17 páginas ; _c23cm |
||
| 650 |
_aLiteratura peruana _97175 |
||
| 942 |
_2ddc _cLIBROS |
||
| 945 |
_anom _d2019-04-15 |
||